LEADER 01437nam a2200313 u 4500 001 000000001449 003 CaOOAMICUS 005 20100928133542.0 008 940901s1968 fr u000 u fre u 035 $a10034256 040 $aEFR$bita$dPUL(R) 041 1 $afre$agrc 082 04$a880 100 0 $aAntoninus Liberalis,$dsec. II.$0(OLS)http://pul/name/1624 240 10$aMetamorphoses$9(Antoninus Liberalis, sec. II).$lFrancese e greco.$0(OLS)http://pul/title/2190 245 14$aLes Métamorphoses /$ctexte établi, traduit et commenté par Manolis Papathomopoulos. 260 $aParis :$bSociété d'édition "Les Belles lettres",$c1968. 300 $axxxvii, 185, [2] p. ;$c21 cm 490 1 $aCollection des universités de France 500 $aTesto greco e trad. francese a fronte, con la stessa numerazione di p. 500 $aIndex: p. [171]-185. 700 1 $aPapath?mopoulos, Manol?s.$0(OLS)http://pul/name/1625 830 0$aCollection des universités de France.$0(OLS)http://pul/title/1172 850 $aPUL 852 $aPUL$W1$xSL Cons. Gen., Altre Classi 3$y75$m880 COLL 3.ANTO.1$j1900$nBK-PRI$qDDC 21$B1900$CPULBib$Z2$F1900 $H74875 $82 941 1 $a9 996 $6082$a880$9(OLS)http://pul/classification/674 996 $6245$aLes Métamorphoses$9(OLS)http://pul/title/2191 996 $6260$aParis :$bSociété d'édition "Les Belles lettres"$9(OLS)http://pul/publisher/48681 LEADER 01413nam a2200337 a 4500 001 000000154555 003 CaOOAMICUS 005 20161003140501.0 008 161003s1996 ne u000 u ger r 020 $a90-420-0003-1* 032 $aLibriCat 040 $aPUL$bita 082 04$a172 245 00$aEthik und Politik aus interkultureller Sicht / $cHrsg. von R.A. Mall und Notker Schneider. 260 $aAmsterdam ;$aAtlanta :$bRodopi,$c1996. 300 $a327 p. ;$c23 cm. 490 1 $aStudien zur Interkulturellen Philosophie ;$v05 504 $aInclude riferimenti bibliografici. 650 14$aEtica e politica.$0(OLS)http://pul/subject/39391 700 1 $aSchneider, Notker.$0(OLS)http://pul/name/98390 700 1 $aMall, R.A.$0(OLS)http://pul/name/98389 830 0$aStudien zur Interkulturellen Philosophie ;$v05.$0(OLS)http://pul/title/86378 850 $aPUL 852 $aPUL$W1$xDP2 Filosofia 3$y112$m172 MALRA 1$j177607$qDDC 21$B180602$CPULBib$Z2$F180602 $H128150 $81 941 1 $a9 961 $aDedica autografa. 996 $6020$a90-420-0003-1*$9(OLS)http://pul/number/161220 996 $6082$a172$9(OLS)http://pul/classification/659 996 $6245$aEthik und Politik aus interkultureller Sicht / $9(OLS)http://pul/title/194163 996 $6260$aAmsterdam ;$aAtlanta :$bRodopi$9(OLS)http://pul/publisher/79127